Gramsci's fall (Record no. 114791)

MARC details
000 -LEADER
fixed length control field 00469 a2200181 4500
005 - DATE AND TIME OF LATEST TRANSACTION
control field 20260106102731.0
008 - FIXED-LENGTH DATA ELEMENTS--GENERAL INFORMATION
fixed length control field 251006b |||||||| |||| 00| 0 eng d
020 ## - INTERNATIONAL STANDARD BOOK NUMBER
International Standard Book Number 9780857426918
080 ## - UNIVERSAL DECIMAL CLASSIFICATION NUMBER
Universal Decimal Classification number F
Item number BOS/G
100 ## - MAIN ENTRY--PERSONAL NAME
Personal name Bossong, Nora
245 ## - TITLE STATEMENT
Title Gramsci's fall
260 ## - PUBLICATION, DISTRIBUTION, ETC. (IMPRINT)
Name of publisher, distributor, etc Seagull books
Place of publication, distribution, etc Germany
Date of publication, distribution, etc 2020
300 ## - PHYSICAL DESCRIPTION
Extent 275p.
653 ## - INDEX TERM--UNCONTROLLED
Uncontrolled term Fiction - Novel - German Literature
653 ## - INDEX TERM--UNCONTROLLED
Uncontrolled term English Translation
700 ## - ADDED ENTRY--PERSONAL NAME
Personal name Alexander Booth; Tr.by.
942 ## - ADDED ENTRY ELEMENTS (KOHA)
item type Books
Holdings
Lost status Source of classification or shelving scheme Not for loan Home library Current library Date acquired Cost, normal purchase price Total Checkouts Full call number Barcode Date last seen Cost, replacement price Price effective from Koha item type
  Universal Decimal Classification   University Library University Library 15/03/2025 639.20   F BOS/G 00097143 15/03/2025 799.00 15/03/2025 Books
University Library, CUSAT